000 01270nam a2200265 a 4500
001 000033633
003 DO-SdBNP
005 20250318153244.0
008 110902s1878 sp 000 0 spa d
040 _aDO-SdBNP
_bspa
_cBNPHU
100 1 _aRoselly de Lorgues,
_cconde,
_d1805-1898
_959105
245 1 0 _aMonumento a Colón :
_bhistoria de la vida y viajes de Cristóbal Colón /
_cescrita en francés por el conde Roselly de Lorgues, continuada con documentos inéditos importantes relativos al segundo matrimonio de Colón con Doña Beatriz Enríquez de Córdoba ; traducida por Pelegrín Casabó y Pagés ; anotada y publicada bajo la dirección de Ramón Buldú.
246 3 0 _aMonumento a Colón
246 3 0 _aHistoria de la vida y viajes de Cristóbal Colón
260 _c1878.
300 _a2 v. ;
_c29 cm.
590 _aBiblioteca tiene 2 ejs. v.1, 1 ej. v.2
600 0 _aCOLÓN, CRISTOBAL,
_d1436-1456
_919795
650 2 4 _aExploradores
_zAmérica
_xBiografía
_959077
650 2 4 _aExploradores
_zEspaña
_xBiografía
_959078
651 4 _aAmérica --
_xDescubrimiento y exploración --
_xEspañoles
_9544
_vEnsayo, conferencias, etc.
700 1 _aCasabó y Pagés, Pelegrín.
_etrad.
_959106
700 1 _aBuldú, Ramón,
_edir.
_959107
942 _2ddc
_cLBS1
999 _c33124
_d33124